LEADER 01240nam--2200397---450- 001 990001101780203316 005 20050721163728.0 010 $a0-226-30475-2 035 $a000110178 035 $aUSA01000110178 035 $a(ALEPH)000110178USA01 035 $a000110178 100 $a20021114d1997----km-y0enga50------ba 101 0 $aeng 102 $aUS 105 $ay|||z|||001yy 200 1 $aAfter empire$eScott, Naipaul, Rushdie$fMichael Gorra 210 $aChicago [etc.]$cChicago University Press$d1997 215 $aX, 207 p.$d22 cm 606 0 $aLetteratura narrativa inglese$xAutori indiani$zSec. 20. 606 0 $aDecolonizzazione nella letteratura 606 0 $aImperialismo nella letteratura 606 0 $aIndia nella letteratura 676 $a823.91409358 700 1$aGORRA,$bMichael$0174961 801 0$aIT$bsalbc$gISBD 912 $a990001101780203316 951 $aVII.3.B. 1095(II i C 1641)$b164609 L.M.$cII i C$d00099248 959 $aBK 969 $aUMA 979 $aMARIA$b10$c20021114$lUSA01$h1317 979 $aRENATO$b90$c20030605$lUSA01$h1242 979 $aPATRY$b90$c20040406$lUSA01$h1716 979 $aCOPAT5$b90$c20050721$lUSA01$h1637 996 $aAfter empire$9540513 997 $aUNISA LEADER 02129nam 2200589Ia 450 001 9910784127703321 005 20230828234129.0 010 $a1-281-36363-4 010 $a9786611363635 010 $a1-4039-7726-7 024 7 $a10.1057/9781403977267 035 $a(CKB)1000000000342767 035 $a(SSID)ssj0000211258 035 $a(PQKBManifestationID)11201530 035 $a(PQKBTitleCode)TC0000211258 035 $a(PQKBWorkID)10292951 035 $a(PQKB)10344055 035 $a(DE-He213)978-1-4039-7726-7 035 $a(MiAaPQ)EBC308008 035 $a(Au-PeEL)EBL308008 035 $a(CaPaEBR)ebr10135622 035 $a(CaONFJC)MIL136363 035 $a(OCoLC)560467116 035 $a(EXLCZ)991000000000342767 100 $a20050519d2006 uy 0 101 0 $aeng 135 $aurcn||||||||| 181 $ctxt 182 $cc 183 $acr 200 10$aNietzsche's dancers$b[electronic resource] $eIsadora Duncan, Martha Graham, and the revaluation of Christian values /$fKimerer L. LaMothe 205 $a1st ed. 2006. 210 $aNew York $cPalgrave Macmillan$dc2006 215 $a1 online resource (288 p.) 300 $aBibliographic Level Mode of Issuance: Monograph 311 $a1-349-53048-4 311 $a1-4039-6825-X 320 $aIncludes bibliographical references (p. 255-264) and index. 330 $aThis book investigates the role Nietzsche's dance images play in his project of "revaluing all values" alongside the religious rhetoric and subject matter evident in the work of Isadora Duncan and Martha Graham, who found justification and guidance in Nietzsche's texts for developing dance as a medium of religious expression. 606 $aDance$xPhilosophy 606 $aDance$xReligious aspects$xChristianity 615 0$aDance$xPhilosophy. 615 0$aDance$xReligious aspects$xChristianity. 676 $a792.8/01 700 $aLaMothe$b Kimerer L$01508502 801 0$bMiAaPQ 801 1$bMiAaPQ 801 2$bMiAaPQ 906 $aBOOK 912 $a9910784127703321 996 $aNietzsche's dancers$93739899 997 $aUNINA